000 00276nam a2200109Ia 4500
005 20251222155133.0
008 251222s9999||||xx |||||||||||||| ||spa||
082 _aEDUM.28.1-2/E.2
245 0 _aLas innovaciones pedagógicas y la didáctica
264 _bNo tiene
942 _cLIB
999 _c38884
_d38884